[Event "FRA-chT3 Gr12 0304"]
[Site "Loire"]
[Date "2004.01.18"]
[Round "4.7"]
[White "Hurault, Frederic"]
[Black "Vinot, Raoul"]
[Result "1/2-1/2"]
[WhiteElo "1700"]
[BlackElo "1580"]
[PlyCount "86"]
[EventDate "2003.10.12"]
[EventType "team"]
[EventRounds "9"]
[EventCountry "FRA"]
[SourceTitle "EXT 2008"]
[Source "ChessBase"]
[SourceDate "2007.11.25"]
[SourceVersion "1"]
[SourceVersionDate "2007.11.25"]
[SourceQuality "1"]

1. c4 c5 2. Nf3 Nc6 3. g3 Nf6 4. Bg2 e6 5. a3 Be7 6. Qa4 0-0 7. d3 d5 8. cxd5 exd5 9. 0-0 Re8 10. d4 c4 11. Nc3 Bd7 12. Qc2 Qc8 13. Ng5 Nxd4 14. Qb1 h6 15. Nf3 Nxf3+ 16. Bxf3 d4 17. Nd5 Bf5 18. Nxe7+ Rxe7 19. Qa2 Be4 20. Kg2 Bxf3+ 21. exf3 Qc6 22. Rd1 Rd8 23. Be3 d3 24. Rac1 b5 25. a4 a6 26. axb5 axb5 27. b3 c3 28. Qa5 Rc7 29. Bf4 Rcc8 30. Be5 c2 31. Rd2 Ne4 32. fxe4 Qxe4+ 33. Kg1 Qxe5 34. Rcxc2 Ra8 35. Qc3 Qe4 36. Rc1 b4 37. Qc4 Qd4 38. Qxd4 Rxd4 39. Rc4 Rxc4 40. bxc4 Ra3 41. f4 Kf8 42. Kf2 Rc3 43. Ke3 Rxc4 1/2-1/2

[Event "Loire-ch op"]
[Site "Loire"]
[Date "2002.04.27"]
[Round "5"]
[White "Vinot, Raoul"]
[Black "Barthelemy, Jerome"]
[Result "0-1"]
[WhiteElo "1390"]
[BlackElo "1400"]
[PlyCount "89"]
[EventDate "2001.02.??"]
[EventType "swiss"]
[EventRounds "9"]
[EventCountry "FRA"]
[SourceTitle "EXT 2008"]
[Source "ChessBase"]
[SourceDate "2007.11.25"]
[SourceVersion "1"]
[SourceVersionDate "2007.11.25"]
[SourceQuality "1"]

1. d4 d5 2. c4 dxc4 3. e4 e5 4. Nf3 exd4 5. Nxd4 Bc5 6. Be3 Nf6 7. Nc3 0-0 8. Bxc4 Bb4 9. Nde2 Nxe4 10. 0-0 Nxc3 11. Nxc3 Bf5 12. Qf3 Bc8 13. Rad1 Qf6 14. Qxf6 gxf6 15. Nd5 Bd6 16. Nxf6+ Kg7 17. Bd4 Kh6 18. Bd3 Nc6 19. Be3+ Kg7 20. Nh5+ Kg8 21. Bh6 Rd8 22. Rfe1 Ne5 23. Nf6+ Kh8 24. Bxh7 Ng4 25. Bg5 Nxf6 26. Bxf6+ Kxh7 27. Bxd8 Bg4 28. Rd4 Be6 29. g3 Rxd8 30. Rh4+ Kg7 31. f4 Kg6 32. Rd1 Be7 33. Rxd8 Bxd8 34. Rh8 Bf6 35. Rb8 Bxb2 36. Rxb7 Bf6 37. Rxc7 Bxa2 38. Kf1 a5 39. Ke2 Bb2 40. h4 a4 41. Rb7 Kf5 42. Ke3 Kg4 43. Rb6 Bg7 44. Rb8 Bf6 45. Rb6 0-1